LIBRARY & INFORMATION CENTRE, KCAET, TAVANUR

ONLINE PUBLIC ACCESS CATALOGUE (OPAC)

Inorganic chemistry: An advanced textbook / (Record no. 7547)

MARC details
000 -LEADER
fixed length control field 00485cam a2200193ua 4500
041 ## - LANGUAGE CODE
Language code of text/sound track or separate title eng
082 ## - DEWEY DECIMAL CLASSIFICATION NUMBER
Classification number 546
Item number MOE/IN
100 ## - MAIN ENTRY--AUTHOR NAME
Personal name Moeller, Therald .
245 ## - TITLE STATEMENT
Title Inorganic chemistry: An advanced textbook /
250 ## - EDITION STATEMENT
Edition statement 1 /
260 ## - PUBLICATION, DISTRIBUTION, ETC. (IMPRINT)
Place of publication Mumbai :
Name of publisher Asia Publishing House ,
Year of publication 1966.
300 ## - PHYSICAL DESCRIPTION
Number of Pages 962 ; .
942 ## - ADDED ENTRY ELEMENTS (KOHA)
Koha item type Books
Holdings
Withdrawn status Lost status Damaged status Home library Current library Date acquired Full call number Accession Number Koha item type Cost, normal purchase price
Withdrawn     KAUAET KAUAET 07/04/2012 546 MOE/IN 9850 Books  
Withdrawn     KAUAET KAUAET 07/04/2012 546 MOE/IN 7611 Books 17.50
free website counter